Natural area tourism: (Record no. 1678839)

MARC details
000 -LEADER
fixed length control field 00789 a2200253 4500
005 - DATE AND TIME OF LATEST TRANSACTION
control field 20260306155735.0
008 - FIXED-LENGTH DATA ELEMENTS--GENERAL INFORMATION
fixed length control field 260306b |||||||| |||| 00| 0 eng d
020 ## - INTERNATIONAL STANDARD BOOK NUMBER
International Standard Book Number 978-1-84541-381-1
037 ## - SOURCE OF ACQUISITION
Terms of availability TB
040 ## - CATALOGING SOURCE
Original cataloging agency CRL
Transcribing agency CRL
041 ## - LANGUAGE CODE
Source of code eng
Language code of text/sound track or separate title eng
084 ## - COLON CLASSIFICATION NUMBER
Classification number U8:(G:55) Q3
Assigning agency CRL
100 ## - MAIN ENTRY--PERSONAL NAME
Personal name Newsome, David
9 (RLIN) 1114292
245 ## - TITLE STATEMENT
Title Natural area tourism:
Remainder of title ecology, impacts and management
250 ## - EDITION STATEMENT
Edition statement 2nd
260 ## - PUBLICATION, DISTRIBUTION, ETC.
Place of publication, distribution, etc. New York, USA:
Name of publisher, distributor, etc. Channel View Publications,
Date of publication, distribution, etc. 2013.
300 ## - PHYSICAL DESCRIPTION
Extent xix,457p.
365 ## - TRADE PRICE
Price amount 39.95
Currency code GBP
650 ## - SUBJECT ADDED ENTRY--TOPICAL TERM
Topical term or geographic name entry element Travel
650 ## - SUBJECT ADDED ENTRY--TOPICAL TERM
Topical term or geographic name entry element Geography
650 ## - SUBJECT ADDED ENTRY--TOPICAL TERM
Topical term or geographic name entry element Environmental Science
942 ## - ADDED ENTRY ELEMENTS (KOHA)
Koha item type Textbook
Source of classification or shelving scheme Colon Classification (CC)
Edition 2nd
Classification part U8:(G:55) Q3
Holdings
Withdrawn status Lost status Source of classification or shelving scheme Damaged status Not for loan Home library Current library Date acquired Source of acquisition Cost, normal purchase price Inventory number Total Checkouts Full call number Barcode Date last seen Cost, replacement price Price effective from Koha item type Public note
    Colon Classification (CC)     Central Library Central Library 2026-03-06 Segment Book Distributors 3287.42 71507 & 16/02/2026/71522 & 17/02/2026   U8:(G:55) Q3 CL1926603 2026-02-17 4696.31 2026-02-17 Textbook Department of Continuing Education and Extension
    Colon Classification (CC)     Central Library Central Library 2026-03-06 Segment Book Distributors 3287.42 71507 & 16/02/2026/71522 & 17/02/2026   U8:(G:55) Q3 CL1926362 2026-03-06 4696.31 2026-02-17 Textbook Department of Continuing Education and Extension
Copyright @ Delhi University Library System